[Event "GRE-chT 44th"]
[Site "Achaia"]
[Date "2016.07.06"]
[Round "2.5"]
[White "Georgakopoulos, Nikolaos K"]
[Black "Kafkalas, Nikolaos"]
[Result "1-0"]
[WhiteElo "1847"]
[BlackElo "1519"]
[PlyCount "119"]
[EventDate "2016.07.05"]
[EventType "team-swiss"]
[EventRounds "7"]
[EventCountry "GRE"]
[SourceTitle "CBM 173 Extra"]
[Source "ChessBase"]
[SourceDate "2016.08.29"]
[SourceVersion "1"]
[SourceVersionDate "2016.08.29"]
[SourceQuality "1"]
[WhiteTeam "Chania Chess Academy"]
[BlackTeam "Egaleo CN"]
[WhiteTeamCountry "GRE"]
[BlackTeamCountry "GRE"]

1. e4 c5 2. Nf3 e6 3. d4 cxd4 4. Nxd4 Nc6 5. Nb5 d6 6. c4 a6 7. N5a3 Qc7 8. Nc3 Nf6 9. Be3 Be7 10. Be2 0-0 11. 0-0 Bd7 12. Rc1 Rac8 13. f4 Qa5 14. Bf3 Nb4 15. Qd2 Rfd8 16. Rfd1 Bc6 17. Qf2 Nd7 18. Nab1 Nxa2 19. Nxa2 Qxa2 20. Bb6 d5 21. cxd5 Ba4 22. Bxd8 Rxc1 23. Rxc1 Bc5 24. Rxc5 Qxb1+ 25. Qf1 Qxf1+ 26. Kxf1 Nxc5 27. d6 Kf8 28. e5 Ke8 29. Bb6 Nd7 30. Bd4 f6 31. Bxb7 Bb5+ 32. Ke1 fxe5 33. fxe5 Kf7 34. Kd2 Kg6 35. Be4+ Kf7 36. Bxh7 g6 37. Ke3 Kg7 38. Bxg6 Kxg6 39. Kf4 Nf8 40. g4 Nh7 41. h4 Nf8 42. b4 Be2 43. h5+ Kh6 44. Kg3 Nd7 45. Kh4 Kh7 46. g5 Kg7 47. g6 Kh6 48. Be3+ Kg7 49. Kg5 Kg8 50. Bd4 Bd3 51. h6 Kh8 52. Be3 Kg8 53. Bf4 Kh8 54. Kh5 Kg8 55. h7+ Kg7 56. Bh6+ Kh8 57. Bg5 a5 58. Bf6+ Nxf6+ 59. exf6 Bb5 60. Kh6 1-0

[Event "Attica-ch U12"]
[Site "Peristeri"]
[Date "2012.04.19"]
[Round "4"]
[White "Kafkalas, Nikolaos"]
[Black "Alexiadis, Hristos"]
[Result "1-0"]
[WhiteElo "1483"]
[BlackElo "1717"]
[PlyCount "109"]
[EventDate "2012.04.17"]
[EventType "swiss"]
[EventRounds "7"]
[EventCountry "GRE"]
[SourceTitle "EXT 2024"]
[Source "ChessBase"]
[SourceDate "2023.10.10"]
[SourceVersion "1"]
[SourceVersionDate "2023.10.10"]
[SourceQuality "1"]

1. d4 c5 2. d5 e5 3. e4 d6 4. Nc3 Be7 5. Nf3 Nf6 6. Be2 0-0 7. 0-0 Nbd7 8. Nd2 a6 9. a4 b6 10. Nc4 Re8 11. f4 Bf8 12. Bd3 h6 13. Qe1 exf4 14. Bxf4 Ne5 15. Bxe5 dxe5 16. Qg3 Bd6 17. Rf2 Bc7 18. Raf1 Nh5 19. Qf3 Nf4 20. Ne2 b5 21. axb5 axb5 22. Nxf4 exf4 23. d6 Bb8 24. e5 Ra7 25. Qe4 f5 26. Qxf4 bxc4 27. Bxc4+ Kh8 28. g4 Rf8 29. Bd3 Raf7 30. Bc4 Rb7 31. b3 g5 32. Qe3 f4 33. Qc3 Rg7 34. h3 Bb7 35. Bb5 Be4 36. Re2 Bd5 37. Rd1 Be6 38. d7 Ba7 39. Rd6 Qe7 40. Qa5 Bb8 41. d8Q Rxd8 42. Qxd8+ Qxd8 43. Rxd8+ Rg8 44. Rxg8+ Kxg8 45. Re4 Kf7 46. b4 cxb4 47. Rxb4 Bxe5 48. Bc4 Bd4+ 49. Kg2 Bc5 50. Bxe6+ Kxe6 51. Rb3 Kd5 52. Kf3 Bf8 53. Rb8 Bg7 54. Rg8 Bd4 55. Rg6 1-0

[Event "Piraeus-ch 46th"]
[Site "PIraeus"]
[Date "2011.11.30"]
[Round "6.1"]
[White "Kafkalas, Nikolaos"]
[Black "Alexakis, Dimitris"]
[Result "1-0"]
[WhiteElo "1499"]
[BlackElo "1374"]
[PlyCount "125"]
[EventDate "2011.11.12"]
[EventType "swiss"]
[EventRounds "7"]
[EventCountry "GRE"]
[SourceTitle "EXT 2024"]
[Source "ChessBase"]
[SourceDate "2023.10.10"]
[SourceVersion "1"]
[SourceVersionDate "2023.10.10"]
[SourceQuality "1"]

1. d4 d5 2. c4 Nf6 3. Nc3 Bf5 4. Bf4 e6 5. e3 c6 6. Nf3 Bb4 7. a3 Ba5 8. b4 Bc7 9. Bxc7 Qxc7 10. c5 Nbd7 11. Qb3 Ne4 12. b5 Nxc3 13. Qxc3 cxb5 14. Bxb5 a6 15. Ba4 0-0 16. 0-0 Nf6 17. Ne5 Ne4 18. Qb2 Rfd8 19. Bc2 f6 20. Nf3 Rab8 21. Rfb1 Rdc8 22. Qb6 Qc6 23. Rb2 Nd6 24. cxd6 Qxb6 25. Rxb6 Bxc2 26. Rc1 Ba4 27. Rc7 Bc6 28. Re7 Bd7 29. g4 Rd8 30. g5 Bc8 31. gxf6 gxf6 32. d7 Bxd7 33. Rd6 Bc6 34. Rdxe6 Rf8 35. Nh4 Bb5 36. Nf5 Kh8 37. Rg7 Rg8 38. Ree7 Rxg7+ 39. Rxg7 Rg8 40. Rxg8+ Kxg8 41. Ne7+ Kf7 42. Nxd5 Bc6 43. Nc3 Ke7 44. d5 Bd7 45. Kg2 h6 46. Kg3 Be8 47. Kf4 Bg6 48. h4 Kd6 49. e4 h5 50. Ke3 Be8 51. Kd4 Bd7 52. f4 Be8 53. e5+ Ke7 54. Ne4 fxe5+ 55. fxe5 b6 56. e6 a5 57. Ke5 Bg6 58. d6+ Kd8 59. Nf6 Kc8 60. e7 Kb7 61. d7 Kc6 62. d8Q Kc5 63. Qd5# 1-0

[Event "Piraeus-ch 46th"]
[Site "PIraeus"]
[Date "2011.11.23"]
[Round "4.1"]
[White "Kafkalas, Nikolaos"]
[Black "Alexakis, Georgios"]
[Result "0-1"]
[WhiteElo "1499"]
[BlackElo "1605"]
[PlyCount "88"]
[EventDate "2011.11.12"]
[EventType "swiss"]
[EventRounds "7"]
[EventCountry "GRE"]
[SourceTitle "EXT 2024"]
[Source "ChessBase"]
[SourceDate "2023.10.10"]
[SourceVersion "1"]
[SourceVersionDate "2023.10.10"]
[SourceQuality "1"]

1. d4 Nf6 2. c4 e6 3. Nc3 Be7 4. Nf3 0-0 5. Bf4 d6 6. e3 Nbd7 7. Be2 b6 8. 0-0 Bb7 9. Rc1 Nh5 10. Bd3 h6 11. Re1 Bf6 12. Be4 Bxe4 13. Nxe4 Nxf4 14. exf4 Re8 15. Qd2 a5 16. d5 Nc5 17. Nd4 Bxd4 18. Qxd4 exd5 19. Qxd5 Qd7 20. Nxc5 bxc5 21. Rcd1 Rab8 22. Rxe8+ Rxe8 23. h3 Qe7 24. Qd2 Qe2 25. b3 Qxd2 26. Rxd2 Kf8 27. Kf1 Ke7 28. Re2+ Kd7 29. Rxe8 Kxe8 30. Ke2 Ke7 31. Ke3 f5 32. f3 Ke6 33. g4 g6 34. Kd3 c6 35. h4 fxg4 36. fxg4 d5 37. Ke3 h5 38. cxd5+ cxd5 39. f5+ Kf6 40. fxg6 hxg4 41. h5 d4+ 42. Kf4 d3 43. Ke3 g3 44. Kxd3 g2 0-1

[Event "Piraeus-ch 46th"]
[Site "PIraeus"]
[Date "2011.11.16"]
[Round "2.1"]
[White "Kafkalas, Nikolaos"]
[Black "Stellaki, Alexandra"]
[Result "1-0"]
[WhiteElo "1499"]
[BlackElo "1000"]
[PlyCount "57"]
[EventDate "2011.11.12"]
[EventType "swiss"]
[EventRounds "7"]
[EventCountry "GRE"]
[SourceTitle "EXT 2024"]
[Source "ChessBase"]
[SourceDate "2023.10.10"]
[SourceVersion "1"]
[SourceVersionDate "2023.10.10"]
[SourceQuality "1"]

1. d4 e6 2. c4 Nf6 3. Nc3 g6 4. Nf3 Nc6 5. Bf4 Bb4 6. a3 Bxc3+ 7. bxc3 b6 8. e3 Bb7 9. Be2 0-0 10. Qc2 Ne7 11. Bg5 Ne4 12. Bh6 Re8 13. h4 d5 14. h5 c6 15. g4 Qd6 16. g5 Nf5 17. hxg6 Nxh6 18. gxh7+ Kxh7 19. Rxh6+ Kg7 20. Bd3 Rh8 21. Bxe4 dxe4 22. Qxe4 Rxh6 23. Qe5+ Qxe5 24. gxh6+ Kxh6 25. Nxe5 f5 26. Ke2 Rg8 27. Rh1+ Kg5 28. Rg1+ Kf6 29. Rxg8 1-0

[Event "Piraeus-ch 46th"]
[Site "PIraeus"]
[Date "2011.11.12"]
[Round "1.1"]
[White "Koutrakis, Stamatios"]
[Black "Kafkalas, Nikolaos"]
[Result "1-0"]
[WhiteElo "1956"]
[BlackElo "1499"]
[PlyCount "77"]
[EventDate "2011.11.12"]
[EventType "swiss"]
[EventRounds "7"]
[EventCountry "GRE"]
[SourceTitle "EXT 2024"]
[Source "ChessBase"]
[SourceDate "2023.10.10"]
[SourceVersion "1"]
[SourceVersionDate "2023.10.10"]
[SourceQuality "1"]

1. b3 d5 2. e3 c6 3. Bb2 Bf5 4. d3 Nd7 5. Nd2 e6 6. g3 Ngf6 7. Bg2 Be7 8. Ne2 h6 9. h3 Bg6 10. a3 Qc7 11. Nf3 Bf5 12. Qd2 0-0 13. 0-0 Rac8 14. Rae1 Rfe8 15. Qc1 Nc5 16. Qa1 Ncd7 17. Ne5 Nxe5 18. Bxe5 Qa5 19. g4 Bg6 20. Bb2 Qc5 21. Kh1 Qxc2 22. Nf4 Qxb3 23. Rc1 Qb6 24. Bf3 Qd8 25. h4 Bf8 26. Rg1 Nd7 27. g5 hxg5 28. Nxg6 fxg6 29. Rxg5 e5 30. Rcg1 Re6 31. Bg4 Rf6 32. f4 a6 33. fxe5 Rf2 34. Be6+ Kh7 35. h5 Kh8 36. hxg6 Nf6 37. Qd1 Qe7 38. Rh5+ Nxh5 39. Qxh5# 1-0

[Event "Petroupoli ASOP Dias op 4th"]
[Site "Petroupoli"]
[Date "2011.06.04"]
[Round "1"]
[White "Kostouros, Alexandros"]
[Black "Kafkalas, Nikolaos"]
[Result "1-0"]
[WhiteElo "2241"]
[BlackElo "1500"]
[PlyCount "69"]
[EventDate "2011.06.04"]
[EventType "swiss"]
[EventRounds "7"]
[EventCountry "GRE"]
[SourceTitle "EXT 2024"]
[Source "ChessBase"]
[SourceDate "2023.10.10"]
[SourceVersion "1"]
[SourceVersionDate "2023.10.10"]
[SourceQuality "1"]

1. e4 d5 2. exd5 Qxd5 3. d4 c6 4. c4 Qd8 5. Nc3 Bf5 6. Nf3 Nf6 7. d5 e6 8. Nd4 cxd5 9. Nxf5 exf5 10. cxd5 Bb4 11. Qa4+ Qd7 12. Bb5 Bxc3+ 13. bxc3 Nc6 14. dxc6 Qe6+ 15. Be3 0-0 16. cxb7 Rab8 17. 0-0 Rxb7 18. Rfe1 Qd6 19. Rad1 Qb8 20. Bc6 Rb2 21. Bxa7 Qc7 22. Qa3 Rxa2 23. Qxa2 Qxc6 24. Re7 h6 25. Rd8 Nd5 26. Qxd5 Qxd5 27. Rxd5 Rc8 28. Bd4 Rb8 29. g3 Kf8 30. Rdd7 Rb1+ 31. Kg2 Rb8 32. Rxf7+ Ke8 33. Rde7+ Kd8 34. Bc5 g6 35. Rf8# 1-0

[Event "Nikea Fysiolatriko op-B 08th"]
[Site "Nikea"]
[Date "2010.06.24"]
[Round "9.2"]
[White "Vozikis, Antonios"]
[Black "Kafkalas, Nikolaos"]
[Result "1-0"]
[WhiteElo "1581"]
[BlackElo "1484"]
[PlyCount "99"]
[EventDate "2010.06.17"]
[EventType "swiss"]
[EventRounds "9"]
[EventCountry "GRE"]
[SourceTitle "EXT 2024"]
[Source "ChessBase"]
[SourceDate "2023.10.10"]
[SourceVersion "1"]
[SourceVersionDate "2023.10.10"]
[SourceQuality "1"]

1. e4 d5 2. exd5 Qxd5 3. Nc3 Qa5 4. Nf3 c6 5. d4 Bf5 6. Bc4 e6 7. 0-0 Nd7 8. Bd2 Ngf6 9. Re1 Bg4 10. h3 Bh5 11. Qe2 Qd8 12. d5 cxd5 13. Nxd5 Nxd5 14. Bxd5 Nc5 15. Qb5+ Qd7 16. Qxd7+ Kxd7 17. Ne5+ Ke8 18. b4 exd5 19. Ng6+ Ne6 20. Nxh8 g6 21. Nxf7 Kxf7 22. g4 Bxg4 23. hxg4 Nd4 24. Red1 Nf3+ 25. Kg2 Nxd2 26. Rxd2 Bxb4 27. Rxd5 Ke6 28. Rad1 b6 29. f4 Rf8 30. Re5+ Kf7 31. Rd7+ Kg8 32. f5 gxf5 33. gxf5 Bc3 34. Re3 Bb2 35. c3 Rxf5 36. Re8+ Rf8 37. Rxf8+ Kxf8 38. c4 a5 39. Rd6 a4 40. Rxb6 Bd4 41. Ra6 h5 42. Rxa4 h4 43. Ra6 Bc5 44. a4 Ke7 45. Kh3 Bf2 46. a5 Kd7 47. Rb6 Bxb6 48. axb6 Kc6 49. c5 Kb7 50. Kxh4 1-0